Journal of Cross-Cultural Psychology (Record no. 38381)

MARC details
000 -LEADER
fixed length control field 00524nam a2200169Ia 4500
022 ## - INTERNATIONAL STANDARD SERIAL NUMBER
ISSN 00220221
050 ## - CALL MARK
Classification number BF 728 .J68/
245 #0 - TITLE STATEMENT
Title Journal of Cross-Cultural Psychology
260 ## - PUBLICATION, DISTRIBUTION, ETC. (IMPRINT)
Place of publication United state
260 ## - PUBLICATION, DISTRIBUTION, ETC. (IMPRINT)
Name of publisher Sage
260 ## - PUBLICATION, DISTRIBUTION, ETC. (IMPRINT)
Year of publication 2018
300 ## - PHYSICAL DESCRIPTION
Number of Pages 1005 p. :ill. ; 25 cm.
650 ## - SUBJECT ADDED ENTRY--TOPICAL TERM
Topical Term Psychology--Nigeria--Periodicals. Ethnopsychology--Nigeria--Periodicals. Sports--Nigeria--Periodicals. Education--Nigeria--Periodicals
942 ## - ADDED ENTRY ELEMENTS (KOHA)
Koha item type Serials

No items available.